=LDR 00000nam 2200000 4500 =001 INLIS000000000009735 =990 ##$$a 52.594/Pro-93 =005 20210330070526 =990 ##$$a DW00018753 =035 ##$$a 0010-061300000009735 =990 ##$$a 00041874 =008 210330###########################0###### =990 ##$$a 00041875 =041 ##$$a Ind =990 ##$$a 52.597/Pro-93 =082 ##$$a 634,9 =090 ##$$a 634.9, Men m =245 1#$$a Menebang Pohon dengan Gergaji Rantai di Hutan Tropis /$c FAO =260 ##$$a Jakarta :$b BHRATARA,$c 1988 =300 ##$$a 104 hlm, ilus, 21 cm =650 #4$$a Hutan dan Kehutanan =850 ##$$a NBPNMAT =020 ##$$a 979-410-101-X =084 ##$$a 634,9 FAO m =100 #$$a FAO =990 ##$$a DW00018753 =990 ##$$a 00041874 =990 ##$$a 00041875 =990 ##$$a 52.597/Pro-93 =990 ##$$a 02210221